| 000 | 01447cam a22003857a 4500 | ||
|---|---|---|---|
| 003 | CHAP | ||
| 005 | 20220817044407.0 | ||
| 008 | 101112s2009 it a rn 00010 eng d | ||
| 010 | _a99768 | ||
| 011 | _a100740 | ||
| 020 | _a9789251064313 | ||
| 035 | _a111426 | ||
| 040 | _cCHAP | ||
| 082 | 0 | 4 |
_a338.47664 _bF21y v.7 |
| 110 | 2 | _aFAO | |
| 245 | 1 | 4 |
_aFarm equipment supply chains : _bguidelines for policy-makers and service providers : experiences from Kenya, Pakistan and Brazil _c/por Brian G. Sims y Josef kienzle |
| 260 |
_aRome : _bFAO, _c2009 |
||
| 300 |
_axv, 48 p. : _bilus., gráfs., cuadros, diagramas |
||
| 490 | 0 |
_aInforme técnico sobre ingeniería agrícola y alimentaria _v; 7 |
|
| 590 |
_aBATCH-UPD _b10 _c20130110 _lUCH01 _h0958 |
||
| 590 |
_aBATCH-UPD _b10 _c20130410 _lUCH01 _h0610 |
||
| 590 |
_aBATCH-UPD _b10 _c20130914 _lUCH01 _h1157 |
||
| 590 |
_aCONVERSION _b10 _c20130109 _lUCH01 _h1355 |
||
| 650 | 1 | 4 |
_aDesarrollo rural. _932067 |
| 650 | 1 | 4 |
_aLabranza de conservación. _964308 |
| 650 | 1 | 4 |
_aMaquinaria agrícola _xFabricación y comercio. _971172 |
| 650 | 1 | 4 |
_aMecanización agrícola. _973801 |
| 650 | 1 | 4 |
_aTractores. _9114574 |
| 700 | 0 |
_aSims, Brian G. _9106514 |
|
| 700 | 1 |
_aKienzle, Josef _963180 |
|
| 830 | 0 |
_aInforme técnico sobre ingeniería agrícola y alimentaria _v; 7 _958144 |
|
| 901 | _aBK | ||
| 942 | _cLIBRO | ||
| 949 |
_a338.47664 F21y v.7 _bBC _cFAO _d33724002167322 _eFAO1 _gDonaciØn _h113755 _i111426 _sb |
||
| 999 |
_c99768 _d99768 |
||